Cuentos de mama vieja 3 / (Record no. 27210)

MARC details
000 -LEADER
fixed length control field 00640nam a22002297a 4500
001 - CONTROL NUMBER
control field sjds
003 - CONTROL NUMBER IDENTIFIER
control field sjds
005 - DATE AND TIME OF LATEST TRANSACTION
control field 20220705123124.0
008 - FIXED-LENGTH DATA ELEMENTS--GENERAL INFORMATION
fixed length control field 220705b mx ||||| |||| 00| 0 spa d
020 ## - INTERNATIONAL STANDARD BOOK NUMBER
International Standard Book Number 8486563186
020 ## - INTERNATIONAL STANDARD BOOK NUMBER
International Standard Book Number 9788486563189
020 ## - INTERNATIONAL STANDARD BOOK NUMBER
International Standard Book Number 9686181121
040 ## - CATALOGING SOURCE
Transcribing agency sjds
041 ## - LANGUAGE CODE
Language code of text/sound track or separate title spa
100 10 - MAIN ENTRY--PERSONAL NAME
Personal name Jijena Sanchez, Rafael
245 10 - TITLE STATEMENT
Title Cuentos de mama vieja 3 /
Statement of responsibility, etc. Rafael Jijena Sanchez ; [ilustraciones, Nivio Lopez].
260 ## - PUBLICATION, DISTRIBUTION, ETC. (IMPRINT)
Place of publication, distribution, etc. Mexico ; Madrid :
Name of publisher, distributor, etc. Ediciones Gondomar,
Date of publication, distribution, etc. [1987]
300 ## - PHYSICAL DESCRIPTION
Extent 117 pages :
Other physical details illustrations ;
Dimensions 19 cm.
440 ## - SERIES STATEMENT/ADDED ENTRY--TITLE
Title Mitos y leyendas ;
Number of part/section of a work 6
700 ## - ADDED ENTRY--PERSONAL NAME
Personal name Lopez, Nivio
942 ## - ADDED ENTRY ELEMENTS (KOHA)
Koha item type Libro/Book
Holdings
Withdrawn status Lost status Damaged status Not for loan Home library Current library Shelving location Date acquired Total Checkouts Full call number Barcode Date last seen Date checked out Price effective from Koha item type Checked out Inventory number
        San Juan Del Sur -- Mobile Cardenas   05/07/2022 3 JC 33016449 30/07/2024 30/07/2024 05/07/2022 Libro/Book 03/09/2024  
        San Juan Del Sur -- Mobile El Baston   28/12/2022 1 JC 33017114 04/04/2024 04/04/2024 28/12/2022 Libro/Book 09/05/2024  
        San Juan Del Sur -- Mobile Las delicias   25/12/2022 1 JC 33017124 10/10/2023 10/10/2023 25/12/2022 Libro/Book 14/11/2023  
        San Juan Del Sur -- Mobile Miravalle   28/12/2022 1 JC 33017115 11/10/2023 11/10/2023 28/12/2022 Libro/Book 15/11/2023  
        San Juan Del Sur -- Mobile San Juan Del Sur -- Mobile   14/02/2023   JF 30029781 14/02/2023   14/02/2023 Libro/Book   Inventory date: 1-2-25
        San Juan Del Sur -- Mobile San Juan Del Sur -- Mobile   14/02/2023   JF 30029780 14/02/2023   14/02/2023 Libro/Book   Inventory date: 1-2-25
        San Juan Del Sur -- Mobile San francisco de asis   28/12/2022 1 JC 33017117 19/09/2023 19/09/2023 28/12/2022 Libro/Book 24/10/2023  
        San Juan Del Sur -- Biblioteca Sapoa Children's Area 05/07/2022 2 JC 30028894 31/10/2024 26/09/2024 05/07/2022 Libro/Book    

Powered by Koha